[Event "Candidats reserve"]
[Site "London"]
[Date "1985.??.??"]
[Round "1"]
[White "Van der Wiel, John TH"]
[Black "Gavrikov, Viktor"]
[Result "1/2-1/2"]
[WhiteElo "2520"]
[BlackElo "2570"]

1.e4 c5 2.Nf3 d6 3.d4 Nf6 4.Nc3 cxd4 5.Nxd4 a6 6.Bg5 e6 7.f4 Qb6 8.Qd3 Qxb2
9.Rb1 Qa3 10.f5 Nc6 11.fxe6 fxe6 12.Nxc6 bxc6 13.e5 dxe5 14.Bxf6 gxf6 15.Be2 Be7
16.Bh5+ Kf8 17.O-O e4 18.Qh3 f5 19.Kh1 Rg8 20.Rb3 Qc5 21.Nxe4 Qxc2 22.Bf3 Qxa2
23.Qxh7 Qxb3 24.Bh5 e5 25.Rxf5+ Bxf5 26.Qxf5+ Kg7 27.Qg6+ Kf8 28.Qf5+  1/2-1/2

[Event "Candidats reserve"]
[Site "London"]
[Date "1985.??.??"]
[Round "2"]
[White "Gavrikov, Viktor"]
[Black "Van der Wiel, John TH"]
[Result "1/2-1/2"]
[WhiteElo "2570"]
[BlackElo "2520"]

1.e4 c5 2.Nf3 d6 3.d4 cxd4 4.Nxd4 Nf6 5.Nc3 e6 6.g3 Nc6 7.Bg2 Bd7 8.O-O Be7
9.Be3 Ne5 10.a4 a6 11.Qe2 Qc7 12.h3 O-O 13.Rfd1 Rac8 14.Kh1 Nc4 15.Bc1 g6
16.b3 Na5 17.Bb2 e5 18.Nf3 Rfd8 19.Rd2 Bf8 20.Qe3 b5 21.axb5 axb5 22.Ne1 Rb8
23.Nd5 Nxd5 24.exd5 Bg7 25.Re2 Ra8 26.Nd3  1/2-1/2

[Event "Candidats reserve"]
[Site "London"]
[Date "1985.??.??"]
[Round "3"]
[White "Van der Wiel, John TH"]
[Black "Gavrikov, Viktor"]
[Result "1/2-1/2"]
[WhiteElo "2520"]
[BlackElo "2570"]

1.e4 c5 2.Nf3 d6 3.d4 cxd4 4.Nxd4 Nf6 5.Nc3 a6 6.a4 Nc6 7.Be2 g6 8.Be3 Bg7
9.O-O O-O 10.f4 Bd7 11.Nb3 Rc8 12.Bf3 Be6 13.f5 Bc4 14.Rf2 Ne5 15.Bd4 Nc6
16.Be3 Ne5 17.Rd2 b5 18.axb5 axb5 19.Nd4 b4 20.Na4 Ba6 21.Bf4 Qc7 22.Kh1 Rfd8
23.Qe1 Nxf3 24.gxf3 Nh5 25.Be3 Rb8 26.c4 bxc3  1/2-1/2

[Event "Candidats reserve"]
[Site "London"]
[Date "1985.??.??"]
[Round "4"]
[White "Gavrikov, Viktor"]
[Black "Van der Wiel, John TH"]
[Result "1-0"]
[WhiteElo "2570"]
[BlackElo "2520"]

1.e4 e6 2.d4 d5 3.Nc3 Bb4 4.e5 c5 5.a3 Bxc3+ 6.bxc3 Ne7 7.Nf3 Bd7 8.dxc5 Ba4
9.Rb1 Nd7 10.Be3 Qa5 11.Rxb7 Qxc3+ 12.Bd2 Qxc5 13.Bd3 a5 14.O-O Qc8 15.Qb1 Nc5
16.Bb5+ Kf8 17.Rb6 h6 18.Rc1 Qc7 19.Bxa4 Nxa4 20.Rb7 Qc8 21.Bxa5 Nc6 22.Be1 g6
23.c4 d4 24.Rd1 Kg7 25.Nh4 Nxe5 26.Qe4 Nd7 27.Rxd4 Nac5 28.Rdxd7 Nxd7 29.Bc3+ Kh7
30.Nxg6 Qxb7 31.Nf8+ Kg8 32.Qxb7 Rb8 33.Qe4 Nc5 34.Qe1  1-0